000 01111nam0a2200289 4500
001 RU\NLR\BIBL_A\011602533
005 20241103091342.0
021 _aRU
_b2017-100821
_97266
035 _a(RuMoRGB)009502089
035 _a(NLR Aleph) 011602533
090 _a10897532
_c10897532
100 _a20180125d2017 m y0rusy50 ca
101 0 _arus
102 _aRU
105 _aac g 000zd
200 1 _aДеловые женщины России
_eлитературно-биографический альманах
_f[редакционная коллегия: Светлана Шишлова]
210 _aМосква
_cВремя Инноваций
_d2017
215 _a127 с.
_cцв. ил., портр.
_d29
606 _aЖенщины-предприниматели
_yРоссийская Федерация
_92252397
_3RU\NLR\AUTH\661350948
686 _aЯ222(2Р)
_2rubbk
686 1 _aУ9(2)-13(2Р)д
702 1 _aШишлова
_bС.
_gСветлана
_4340
942 _cBOOK
980 _aNBR